000 01011nam a2200265Ia 4500
003 OSt
005 20220923211311.0
006 a|||||r|||| 00| 0
007 ta
008 220922b |||||||| |||| 00| 0 hin d
020 _a9788179756034 (hbk)
_c900
024 _a284,485
037 _b26, 02/02/2015, P. K. Books
_cTextual
040 _aARTS
_cARTS
_bhin
041 _2hin
_ahin
082 _aO152(Y11):g, Q5
100 _aकपूर, मस्तराम
245 0 _aहिन्दी बाल - साहित्य का विवेचनात्मक अध्ययन
246 _aHindī bāl - sāhitya kā vivechanātmak adhyayana
260 _aनई दिल्ली
_b अनामिका पब्लिर्शस
_c2015
300 _a414पृ.
_ccm.
650 _aहिन्दी साहित्य
_9156264
942 _hO152(Y11):g, Q5
_cTEXL
_2CC
999 _c298242
_d298242